000 01272nam a2200337 a 4500
001 000114757
003 CHAP
005 20220329144456.0
008 180409s2018 mx sm |||||||spa d
010 _a111218
011 _a112190
040 _cCHAP
090 _aTesis
100 1 _aGarcía Saldivar, Martha Patricia
_9135048
245 1 0 _aActividad antioxidante de dietas con alfalfa o morera y su efecto en la estabilidad oxidativa del lomo de conejo en refrigeración
_h[En línea]
_cMartha Patricia García Saldívar.
260 _aChapingo, Méx. :
_bEl autor,
_c2018.
500 _aPara ver el contenido del material haga clic en la liga
502 _aTesis (Ing. Agr. Esp. en Zootecnia) -- UACH. Departamento de Zootecnia
590 _aE6339RRR
_b05
_c20180409
_lUCH01
_h0919
590 _aE6339RRR
_b05
_c20180409
_lUCH01
_h0919
590 _aE6339RRR
_b05
_c20180409
_lUCH01
_h0920
590 _aE6339RRR
_b05
_c20180409
_lUCH01
_h0922
650 1 4 _aAntioxidantes
_xAnálisis.
_9132229
650 1 4 _aCarne congelada.
_919113
650 1 4 _aCarne de conejo
_xConservación.
_919142
650 1 4 _aConejos
_xAlimentación.
_926353
856 _aFinding aid
_uhttp://10.13.5.2/tesis/sist114757.pdf
_zTeclea aquí
901 _aBK
942 _cLIBRO
942 _n0
999 _c111218
_d111218